Statistics for Name The NBA Player

Click here to take the quiz!

General Stats

  • This quiz has been taken 1,055 times
  • The average score is 13 of 42

Answer Stats

HintPlayer% Correct
Warriors Point GuardStephen Curry
57%
Heat Shooting GuardDwyane Wade
55%
Hawks CenterAl Horford
53%
Clippers Small ForwardCaron Butler
52%
Heat Power ForwardChris Bosh
51%
Grizzlies Point GuardMike Conley
51%
Cavaliers Point GuardKyrie Irving
48%
Jazz CenterAl Jefferson
46%
Knicks Small ForwardCarmelo Anthony
46%
Celtics Point GuardRajon Rondo
46%
Warriors Power ForwardDavid Lee
45%
Lakers Power ForwardPau Gasol
45%
Warriors Shooting GuardKlay Thompson
40%
Raptors Point GuardKyle Lowry
40%
Celtics Small ForwardPaul Pierce
40%
Kings CenterDeMarcus Cousins
38%
Thunder Power ForwardSerge Ibaka
38%
Bobcats Point GuardKemba Walker
35%
Trail Blazers Power ForwardLaMarcus Aldridge
35%
Heat Point GuardMario Chalmers
35%
Nuggets Shooting Guard/Small ForwardAndre Iguodala
34%
Lakers Point GuardSteve Nash
32%
Spurs Shooting GuardManu Ginobili
30%
Grizzlies Small ForwardRudy Gay
28%
Grizzlies Shooting GuardTony Allen
28%
Bulls Power ForwardCarlos Boozer
26%
Jazz Power ForwardPaul Millsap
25%
Bulls Small ForwardLuol Deng
24%
Suns Small ForwardMichael Beasley
23%
Pistons CenterGreg Monroe
21%
Bucks Shooting GuardMonta Ellis
21%
76ers Point GuardJrue Holiday
18%
Nuggets Small ForwardDanilo Gallinari
16%
Hawks Shooting GuardLouis Williams
15%
Trail Blazers Small ForwardNicolas Batum
15%
76ers CenterAndrew Bynum
13%
Mavericks Shooting GuardO.J. Mayo
12%
Bulls Shooting GuardRichard Hamilton
12%
Pistons Point GuardBrandon Knight
10%
Magic Small ForwardHedo Turkoglu
9%
Kings Small ForwardMarcus Thornton
5%
Bobcats Power ForwardBismack Biyombo
4%

Score Distribution

Percentile by Number Answered

Percent of People with Each Score

Your Score History

You have not taken this quiz